000
00331nam a2200157Ia 4500
100
_a
Paeg/H
650
_a
Electrical Engineering
490
_v
38
942
_c
RB
654
_a
Capacitor
245
_a
Power Factor Correction
260
_b
Wiley Eastern.
_a
NEW DELHI
_c
1991
300
_a
62
546
_a
ENGLISH
999
_c
20329
_d
20329